Catálogo
 En Linea

La señá Manuela : (Registro nro. 34582)

Detalles MARC
000 -CABECERA
campo de control de longitud fija 00610nam a2200169 a 4500
001 - NÚMERO DE CONTROL
campo de control 000035091
005 - FECHA Y HORA DE LA ÚLTIMA TRANSACCIÓN
campo de control 20200930074110.0
008 - DATOS DE LONGITUD FIJA--INFORMACIÓN GENERAL
campo de control de longitud fija 111025s1892 sp 000 0 spa d
040 ## - FUENTE DE LA CATALOGACIÓN
Centro catalogador/agencia de origen DO-SdBNP
Lengua de catalogación spa
Centro/agencia transcriptor BNPHU
082 ## - NÚMERO DE LA CLASIFICACIÓN DECIMAL DEWEY
Número de clasificación xxxx
Número de documento/Ítem C659s
100 1# - ENTRADA PRINCIPAL--NOMBRE DE PERSONA
Nombre de persona Cocat, Luis
9 (RLIN) 60753
245 13 - MENCIÓN DE TÍTULO
Título La señá Manuela :
Resto del título (segunda parte de "Nina"), juguete cósmico-lírico en un acto y en prosa /
Mención de responsabilidad, etc. Luis Cocat, Heliodoro Criado ; música Apolinar Brull.
260 ## - PUBLICACIÓN, DISTRIBUCIÓN, ETC.
Lugar de publicación, distribución, etc. Madrid :
Nombre del editor, distribuidor, etc. R. Velasco, impresor, Rubio,
Fecha de publicación, distribución, etc. 1892.
300 ## - DESCRIPCIÓN FÍSICA
Extensión 29 p. ;
Dimensiones 19 cm.
700 12 - PUNTO DE ACCESO ADICIONAL--NOMBRE DE PERSONA
Nombre de persona Criado, Heliodoro
9 (RLIN) 60754
700 12 - PUNTO DE ACCESO ADICIONAL--NOMBRE DE PERSONA
Nombre de persona Brull, Apolinar,
Término indicativo de función/relación mús.
9 (RLIN) 60755
Existencias
Estado de retiro Estado de pérdida Restricciones de uso No para préstamo Código de colección Localización permanente Ubicación/localización actual Ubicación en estantería Fecha de adquisición Número de inventario Total de préstamos Signatura topográfica completa Código de barras Fecha visto por última vez Precio válido a partir de Tipo de ítem Koha
      Excluido de préstamo Monografías: Libros y Folletos General General Depósito 25.10.2011 LF1   xxxx C659s 35091-10 25.06.2020 25.06.2020 No se presta

Con tecnología Koha